Statistics for Mughal Emperors

Click here to take the quiz!

General Stats

  • This quiz has been taken 96 times
  • The average score is 13 of 26

Answer Stats

ReignDynastyMonarch% Correct
1526-1530BaburidBabur
93%
1556-1605BaburidAkbar
90%
1806-1837BaburidAkbar II
89%
1628-1658BaburidShah Jahan I
73%
1719BaburidShah Jahan II
73%
1658-1707BaburidAurangzeb
68%
1530-1540BaburidHumayun
65%
1605-1627BaburidJahangir
63%
1707-1712BaburidBahadur Shah I
58%
1837-1857BaburidBahadur Shah II
58%
1532-1545SurSher Shah
55%
1554-1555SurMuhammad Adil Shah
49%
1719-1748BaburidMuhammad Shah
49%
1707BaburidAzam Shah
48%
1545-1554SurIslam Shah
48%
1712-1713BaburidJahandar Shah
48%
1555-1556SurAdil Shah
46%
1554SurFiruz Shah
46%
1555SurIbrahim Shah
46%
1555SurSikandar Shah
46%
1748-1754BaburidAhmad Shah Bahadur
30%
1759-1806BaburidAlam
24%
1754-1759BaburidAlamgir
21%
1713-1719BaburidFarrukhsiyar
18%
1719BaburidRafi ud-Darajat
8%
1627-1628BaburidShahyar Mirza
7%

Score Distribution

Percentile by Number Answered

Percent of People with Each Score

Your Score History

You have not taken this quiz